00422 2200169 4500245006400000020001800064250001100082100001600093700001500109650001700124005001900141260002900160041001400189084001100203300002900214336000900243 aSenja , Hujan , & Cerita yang Telah UsaicBoy ChandrahText a979-794-499-9 aCet. 1 aBoy Chandra aIrwan Rouf aNovel Remaja a20230714131320 aJakartabMediakitac2015 aIndonesia a808.83 aviii, 240 hlm. :c19 cm. atext